Xây dựng nền giáo dục dân tộc dân chủ ở vùng căn cứ cách mạng tỉnh Thủ Dầu Một - Bình Dương trong kháng chiến chống Mỹ (1954-1975) /
Gorde:
| Egile nagusia: | |
|---|---|
| Formatua: | Artikulua |
| Hizkuntza: | Vietnamese |
| Gaiak: | |
| Etiketak: |
Etiketa erantsi
Etiketarik gabe, Izan zaitez lehena erregistro honi etiketa jartzen!
|
| Thư viện lưu trữ: | Thư viện Trường Đại học Đà Lạt |
|---|
| LEADER | 00969nam a2200277 4500 | ||
|---|---|---|---|
| 001 | DLU180184263 | ||
| 005 | ##20180405 | ||
| 040 | # | # | |a DLU |b vie |
| 041 | # | # | |a vie |
| 044 | # | # | |a vn |
| 100 | # | # | |a Nguyễn Văn Hiệp. |
| 245 | # | # | |a Xây dựng nền giáo dục dân tộc dân chủ ở vùng căn cứ cách mạng tỉnh Thủ Dầu Một - Bình Dương trong kháng chiến chống Mỹ (1954-1975) / |c Nguyễn Văn Hiệp. |
| 653 | # | # | |a Căn cứ cách mạng |
| 653 | # | # | |a Dân tộc dân chủ |
| 653 | # | # | |a Giáo dục |
| 653 | # | # | |a Kháng chiến chống Mỹ |
| 653 | # | # | |a Thủ Dầu Một - Bình Dương |
| 773 | # | # | |t Nghiên cứu lịch sử |g Số 8(460), 2014, tr. 60-65 |
| 920 | # | # | |a Phòng Tạp chí -- Trung tâm Thông tin - Thư viện Trường Đại học Đà Lạt |
| 900 | # | # | |a True |
| 911 | # | # | |a Nguyễn Thị Thu Phương |
| 925 | # | # | |a G |
| 926 | # | # | |a A |
| 927 | # | # | |a BB |
| 980 | # | # | |a Thư viện Trường Đại học Đà Lạt |